Guinea First Level Subdivisions - Statistics

General Stats
  • This quiz has been taken 155 times
  • The average score is 4 of 8
Answer Stats
Régions % Correct
Conakry
100%
Boké
55%
Faranah
52%
Kankan
52%
Labé
48%
Kindia
45%
Mamou
45%
Nzérékoré
45%
No matching quizzes found
Score Distribution
Percent of People with Each Score
Percentile by Number Answered
Your Score History
You have not taken this quiz